| 000 | 00912nam0a22002531 4500 | ||
|---|---|---|---|
| 001 | rc\2630743 | ||
| 005 | 20250623145526.0 | ||
| 035 | _a(NLR Aleph) 006794200 | ||
| 090 |
_a6175715 _c6175715 |
||
| 100 | _a20110914d1931 |||y0rusy50 ca | ||
| 101 | 0 | _arus | |
| 102 | _aRU | ||
| 105 | _ay z ||||| | ||
| 200 | 1 |
_aЗавалишинский клад куфических монет. VIII-IX в. _fР. Р. Фасмер |
|
| 210 |
_aЛенинград _cтип. Акад. наук СССР _d1931 |
||
| 215 |
_a20 с. _d25х17 см. |
||
| 225 | 1 |
_aИзвестия Государственной академии истории материальной культуры _vТ. 7, вып. 2 |
|
| 700 | 1 |
_aФасмер _bР.Р. _f1888-1938 _gРоман Романович |
|
| 801 | 0 |
_aRU _bNLR _gpsbo |
|
| 801 | 1 |
_aRU _bELAR _2rusmarc |
|
| 852 |
_aNLR _j31-19/372-7 |
||
| 852 |
_aNLR _jКрII-979 |
||
| 942 | _cBOOK | ||
| 980 | _aNB | ||